Ministers of Christ (Record no. 42436)
[ view plain ]
| 000 -LEADER | |
|---|---|
| fixed length control field | 01006cam a2200277I 4500 |
| 001 - CONTROL NUMBER | |
| control field | 444376 |
| 005 - DATE AND TIME OF LATEST TRANSACTION | |
| control field | 20180607142651.0 |
| 008 - FIXED-LENGTH DATA ELEMENTS--GENERAL INFORMATION | |
| fixed length control field | 991209s1964 nyu 000 0 eng |
| 010 ## - LIBRARY OF CONGRESS CONTROL NUMBER | |
| LC control number | 64010140 |
| 035 ## - SYSTEM CONTROL NUMBER | |
| System control number | (OCoLC)01837415 |
| 035 ## - SYSTEM CONTROL NUMBER | |
| System control number | (OCoLC)ocm01837415 |
| 040 ## - CATALOGING SOURCE | |
| Original cataloging agency | DLC |
| Transcribing agency | ROB |
| 049 ## - LOCAL HOLDINGS (OCLC) | |
| Holding library | PTSS |
| 100 1# - MAIN ENTRY--PERSONAL NAME | |
| Personal name | Wedel, Theodore Otto, |
| Dates associated with a name | 1892- |
| Relator term | ed. |
| 245 10 - TITLE STATEMENT | |
| Title | Ministers of Christ |
| Statement of responsibility, etc | [by] Walter Lowrie [and others] |
| 260 ## - PUBLICATION, DISTRIBUTION, ETC. (IMPRINT) | |
| Place of publication, distribution, etc | New York, |
| Name of publisher, distributor, etc | Seabury Press, |
| Date of publication, distribution, etc | 1964. |
| 300 ## - PHYSICAL DESCRIPTION | |
| Extent | 186 p. |
| Dimensions | 22 cm. |
| 336 ## - CONTENT TYPE | |
| Content Type Term | text |
| 337 ## - MEDIA TYPE | |
| Media Type Term | unmediated |
| 338 ## - CARRIER TYPE | |
| Carrier Type Term | volume |
| 504 ## - BIBLIOGRAPHY, ETC. NOTE | |
| Bibliography, etc | Bibliographical references included in "Notes" (p. 175-186) |
| 505 0# - FORMATTED CONTENTS NOTE | |
| Formatted contents note | Editor's introduction.--Ministers of Christ, by W. Lowrie.--Nolo Episcopari, by G. S. Hendry.--A common ministry, by R. D. Hyslop.--Apostolicity and restitution, by F. H. Littell.--The bishop in the church, by J. Meyendorff.--Editor's epilogue. |
| 650 #0 - SUBJECT ADDED ENTRY--TOPICAL TERM | |
| Topical term or geographic name as entry element | Clergy |
| General subdivision | Office. |
| 700 1# - ADDED ENTRY--PERSONAL NAME | |
| Personal name | Lowrie, Walter, |
| Dates associated with a name | 1868-1959. |
| 942 ## - ADDED ENTRY ELEMENTS (KOHA) | |
| Source of classification or shelving scheme | Library of Congress Classification |
| Item type | Books |
| Withdrawn status | Lost status | Source of classification or shelving scheme | Damaged status | Not for loan | Home library | Current library | Shelving location | Date acquired | Source of acquisition | Inventory number | Total Checkouts | Full call number | Barcode | Date last seen | Price effective from | Koha item type |
|---|---|---|---|---|---|---|---|---|---|---|---|---|---|---|---|---|
| Library of Congress Classification | BSOP Library | BSOP Library | GC | 06/07/2018 | Donation by Drs. George and Anne Harper | 41654 | BV660 L95 1964 | 00052654 | 06/07/2018 | 06/07/2018 | Books |
